[Event "zonal 3.1 (w)"]
[Site "Sharjah UAE"]
[Date "2011.07.10"]
[Round "7"]
[White "Al-Khelaifi, Salama"]
[Black "Mir Mahmoud, Afamia"]
[Result "1-0"]
[WhiteElo "1757"]
[BlackElo "1993"]
[EventDate "2011.07.05"]
[Board "3"]
[PlyCount "99"]
[EventRounds "9"]
[EventCountry "UAE"]

1.d4 Nf6 2.Nc3 g6 3.e4 d6 4.Bg5 Bg7 5.f3 c6 6.Qd2 Nbd7 7.O-O-O b5 8.h4 Qa5
9.Kb1 Nb6 10.Bh6 Bxh6 11.Qxh6 Be6 12.d5 Bd7 13.dxc6 Bxc6 14.Qg5 h6 15.Qd2 
Rc8 16.Nxb5 Qxd2 17.Rxd2 Bxb5 18.Bxb5+ Kf8 19.Ne2 Rc5 20.Bd3 Kg7 21.Nc3 
Rb8 22.Nd1 a5 23.Re2 Nh5 24.Rhe1 Nf4 25.Rd2 Rbc8 26.Nc3 a4 27.a3 Rb8 28.
Kc1 Nxd3+ 29.Rxd3 Nc4 30.Nxa4 Ra5 31.Rb3 Rxb3 32.cxb3 Ne5 33.Re3 g5 34.
hxg5 hxg5 35.Nb6 Kf6 36.Kd2 Ra6 37.Nd5+ Kg7 38.Nxe7 Ra7 39.Nd5 Kf8 40.Rc3 
Rb7 41.b4 Ke8 42.Rc7 Rxc7 43.Nxc7+ Kd7 44.Nd5 Kc6 45.Kc3 Ng6 46.Ne3 Nf4 
47.Kc4 Ne2 48.a4 Nf4 49.b5+ Kb7 50.a5 1-0

[Event "zonal 3.1 (w)"]
[Site "Sharjah UAE"]
[Date "2011.07.10"]
[Round "7"]
[White "Nouman, Amna"]
[Black "Al-Rufei, Eman Hassane"]
[Result "0-1"]
[WhiteElo "1725"]
[BlackElo "2160"]
[EventDate "2011.07.05"]
[Board "4"]
[PlyCount "90"]
[EventRounds "9"]
[EventCountry "UAE"]

1.e4 e5 2.Nf3 Nc6 3.Bb5 a6 4.Ba4 Nf6 5.d3 Be7 6.c3 d6 7.Nbd2 h6 8.h3 O-O 
9.O-O Nh7 10.d4 exd4 11.cxd4 Kh8 12.Bc2 f5 13.exf5 Bxf5 14.Ne4 d5 15.Nc3 
Bb4 16.Be3 Ba5 17.a3 Bb6 18.Qb1 Bxc2 19.Qxc2 Rxf3 20.gxf3 Nxd4 21.Bxd4 
Bxd4 22.Qf5 c6 23.Rad1 Ba7 24.b4 Qc7 25.Ne2 Rf8 26.Qg4 Bb8 27.Ng3 Rf4 28.
Qg6 Rxf3 29.Rde1 Rf6 30.Re8+ Nf8 31.Qg4 Kh7 32.Qd4 Ng6 33.Rfe1 b5 34.Qd3 
Qf4 35.Rf1 Ba7 36.Re2 Kg8 37.Kh1 Nh4 38.Nh5 Qf3+ 39.Qxf3 Rxf3 40.Re7 Rxh3+
41.Kg1 Bd4 42.Rd1 Nf5 43.Rxd4 Nxe7 44.Ng3 g5 45.Rd3 Rh4 0-1

[Event "zonal 3.1 (w)"]
[Site "Sharjah UAE"]
[Date "2011.07.10"]
[Round "7"]
[White "Hakimifard, Ghazal"]
[Black "Al-Zarouni, Kholoud Essa"]
[Result "1-0"]
[WhiteElo "2197"]
[BlackElo "1853"]
[EventDate "2011.07.05"]
[Board "5"]
[PlyCount "47"]
[EventRounds "9"]
[EventCountry "UAE"]

1.e4 e5 2.Nf3 Nc6 3.Bb5 a6 4.Ba4 Nf6 5.O-O Be7 6.d3 b5 7.Bb3 d6 8.a4 O-O 
9.Re1 Bb7 10.Nbd2 Na5 11.Ba2 c5 12.Nf1 Qc7 13.Ng3 Rfe8 14.Bd2 h6 15.Nf5 
Bf8 16.N3h4 Nc6 17.Qf3 Ne7 18.Nxh6+ gxh6 19.Qxf6 d5 20.Bxh6 Bxh6 21.Qxh6 
Rad8 22.Re3 Rd6 23.Rg3+ Ng6 24.Nf5 1-0

[Event "zonal 3.1 (w)"]
[Site "Sharjah UAE"]
[Date "2011.07.11"]
[Round "8"]
[White "Mir Mahmoud, Afamia"]
[Black "Nouman, Amna"]
[Result "1-0"]
[WhiteElo "1993"]
[BlackElo "1725"]
[EventDate "2011.07.05"]
[Board "3"]
[PlyCount "49"]
[EventRounds "9"]
[EventCountry "UAE"]

1.d4 d5 2.Nf3 e6 3.c4 Nf6 4.Nc3 Nbd7 5.cxd5 exd5 6.Bg5 Be7 7.Qc2 c6 8.e3 
O-O 9.Bd3 Re8 10.O-O Nf8 11.Ne5 Ng4 12.Bxe7 Qxe7 13.Nf3 Nf6 14.Rae1 Ne4 
15.Bxe4 dxe4 16.Nd2 f5 17.f3 exf3 18.Nxf3 h6 19.Qf2 Be6 20.Nh4 g6 21.e4 
Qd7 22.exf5 Bxf5 23.Nxf5 Rxe1 24.Nxh6+ Kh7 25.Rxe1 1-0

[Event "zonal 3.1 (w)"]
[Site "Sharjah UAE"]
[Date "2011.07.11"]
[Round "8"]
[White "Saleh, Nora Mohd"]
[Black "Mouradian, Knarik"]
[Result "1/2-1/2"]
[WhiteElo "1911"]
[BlackElo "2186"]
[EventDate "2011.07.05"]
[Board "5"]
[PlyCount "83"]
[EventRounds "9"]
[EventCountry "UAE"]

1.d4 Nf6 2.c4 g6 3.Nc3 Bg7 4.Nf3 d6 5.Bf4 Nbd7 6.h3 O-O 7.e3 Re8 8.Be2 c6 
9.O-O Qa5 10.a3 e5 11.b4 Qc7 12.Bh2 b6 13.Rc1 Bf8 14.c5 Qb8 15.Qc2 Bb7 16.
Rfd1 exd4 17.exd4 Qd8 18.cxd6 Rc8 19.Qa2 Nd5 20.b5 N7f6 21.bxc6 Bxc6 22.
Ba6 Ra8 23.Ne5 Qxd6 24.Nxf7 Nxc3 25.Rxc3 Qd5 26.Qxd5 Bxd5 27.Ne5 Bd6 28.
Nc4 Bxh2+ 29.Kxh2 Ne4 30.Rc2 Rf8 31.f3 Ng5 32.Ne5 Ne6 33.Bc4 Bxc4 34.Rxc4 
Rad8 35.Nc6 Rd7 36.Rcc1 Kg7 37.Ne5 Rd5 38.Rc6 Re8 39.Rc4 Re7 40.g3 Nxd4 
41.Rcxd4 Rdxe5 42.g4 1/2-1/2

[Event "zonal 3.1 (w)"]
[Site "Sharjah UAE"]
[Date "2011.07.12"]
[Round "9"]
[White "Mouradian, Knarik"]
[Black "Dahdal, Lugain"]
[Result "1-0"]
[WhiteElo "2186"]
[BlackElo "1882"]
[EventDate "2011.07.05"]
[Board "1"]
[PlyCount "122"]
[EventRounds "9"]
[EventCountry "UAE"]

1.e4 c5 2.Nc3 e6 3.Nf3 d5 4.exd5 exd5 5.Bb5+ Bd7 6.Qe2+ Ne7 7.Nxd5 a6 8.
Bxd7+ Nxd7 9.d3 Nb6 10.Nxb6 Qxb6 11.O-O O-O-O 12.Ne5 Qe6 13.Re1 Nf5 14.Nf3
Qg6 15.Bf4 Bd6 16.Ne5 Qf6 17.Qd2 h6 18.Nc4 Bxf4 19.Qxf4 g6 20.a4 Rd4 21.
Qe5 Qxe5 22.Rxe5 Kd7 23.Rxc5 Re8 24.c3 Rg4 25.Ne5+ Kd6 26.Nxg4 Kxc5 27.Kf1
h5 28.Nf6 Rd8 29.Ne4+ Kc6 30.Ke2 Re8 31.Kf1 Rd8 32.Rd1 b5 33.axb5+ axb5 
34.h3 b4 35.g3 Ra8 36.d4 Ra2 37.d5+ Kd7 38.Rd2 Nd6 39.Nxd6 bxc3 40.Rd1 c2 
41.Rc1 Rxb2 42.Ne4 Rb1 43.Nc5+ Kd6 44.Nd3 Kxd5 45.Ke2 Rb8 46.Rxc2 Re8+ 47.
Kf3 Kd4 48.Nf4 Re7 49.Rd2+ Kc5 50.h4 Kc6 51.Kg2 Kc5 52.f3 Kc6 53.g4 hxg4 
54.fxg4 Re8 55.h5 gxh5 56.gxh5 f5 57.Kg3 Rg8+ 58.Ng6 Rg7 59.Kf4 Rh7 60.Rh2
Kd6 61.Kxf5 Rf7+ 1-0

[Event "zonal 3.1 (w)"]
[Site "Sharjah UAE"]
[Date "2011.07.12"]
[Round "9"]
[White "Al-Khelaifi, Salama"]
[Black "Saleh, Nora Mohd"]
[Result "0-1"]
[WhiteElo "1757"]
[BlackElo "1911"]
[EventDate "2011.07.05"]
[Board "2"]
[PlyCount "44"]
[EventRounds "9"]
[EventCountry "UAE"]

1.d4 d5 2.Nc3 Nf6 3.Bg5 c6 4.Bxf6 exf6 5.e3 Bf5 6.Bd3 Bxd3 7.Qxd3 Bb4 8.
Ne2 Nd7 9.O-O-O O-O 10.g4 b5 11.h4 a5 12.g5 Bxc3 13.Nxc3 a4 14.Rdg1 b4 15.
Ne2 Kh8 16.Qf5 Rg8 17.Nf4 b3 18.cxb3 a3 19.bxa3 Rxa3 20.Kb1 Qa5 21.Qxd7 
Rxa2 22.Qb7 Qd2 0-1

[Event "zonal 3.1 (w)"]
[Site "Sharjah UAE"]
[Date "2011.07.12"]
[Round "9"]
[White "Hakimifard, Ghazal"]
[Black "Mir Mahmoud, Afamia"]
[Result "1-0"]
[WhiteElo "2197"]
[BlackElo "1993"]
[EventDate "2011.07.05"]
[Board "4"]
[PlyCount "75"]
[EventRounds "9"]
[EventCountry "UAE"]

1.e4 c5 2.Nf3 d6 3.d4 cxd4 4.Nxd4 Nf6 5.Nc3 a6 6.Be2 e5 7.Nb3 Be7 8.O-O 
Qc7 9.Kh1 O-O 10.f4 Nc6 11.Be3 b5 12.a4 exf4 13.Rxf4 b4 14.Nd5 Nxd5 15.
exd5 Ne5 16.Rxb4 Bf5 17.Rc1 a5 18.Bb6 Qc8 19.Nxa5 Bg5 20.Ra1 Bxc2 21.Qd4 
Qd7 22.Bb5 Qe7 23.Nc6 Qf6 24.Rf1 Bf5 25.a5 Rfe8 26.Rb3 Qg6 27.Rg3 Qf6 28.
Qf2 g6 29.Nxe5 Rxe5 30.Bc6 Rc8 31.Bd4 Bh4 32.Bxe5 dxe5 33.a6 Bxg3 34.hxg3 
Rxc6 35.dxc6 Qxc6 36.a7 Qa8 37.Qb6 Be4 38.Qb8+ 1-0

[Event "zonal 3.1 (w)"]
[Site "Sharjah UAE"]
[Date "2011.07.12"]
[Round "9"]
[White "Al-Zarouni, Kholoud Essa"]
[Black "Al-Rufei, Eman Hassane"]
[Result "1/2-1/2"]
[WhiteElo "1853"]
[BlackElo "2160"]
[EventDate "2011.07.05"]
[Board "5"]
[PlyCount "143"]
[EventRounds "9"]
[EventCountry "UAE"]

1.e4 e5 2.Nf3 Nc6 3.Bb5 a6 4.Bxc6 dxc6 5.d4 exd4 6.Qxd4 Qxd4 7.Nxd4 Bd7 8.
Nc3 O-O-O 9.Nde2 Bc5 10.Bf4 Ne7 11.Bg3 Ng6 12.f3 f5 13.Bf2 Bxf2+ 14.Kxf2 
b5 15.Ng3 b4 16.exf5 Bxf5 17.Nce4 Bxe4 18.Nxe4 Rd5 19.Rhe1 Rhd8 20.b3 Nf4 
21.g3 Ne6 22.c4 bxc3 23.Nxc3 Rd2+ 24.Re2 Nc5 25.Ne4 Nd3+ 26.Ke3 Rxe2+ 27.
Kxe2 Nb4 28.Nc3 Re8+ 29.Kd2 Re6 30.Rd1 Rh6 31.h4 Kd7 32.Ke3+ Ke7 33.Rd2 
Rd6 34.Ke2 h6 35.a3 Nd5 36.Ne4 Re6 37.Kf2 a5 38.Nc5 Re5 39.Re2 Rxe2+ 40.
Kxe2 Nc3+ 41.Kd3 Nb5 42.Nb7 Nxa3 43.Nxa5 Kd7 44.g4 Nb5 45.Nc4 Ke6 46.f4 c5
47.Ne3 Nd4 48.Kc4 Kd6 49.b4 Ne6 50.bxc5+ Kc6 51.Nf5 Nxf4 52.Nxg7 Ng6 53.g5
hxg5 54.hxg5 Ne5+ 55.Kb4 Nd3+ 56.Kc4 Nxc5 57.Nf5 Nd7 58.Kd4 Nf8 59.Ke5 Kd7
60.Kf6 c5 61.g6 Nxg6 62.Kxg6 Ke6 63.Ne3 Ke5 64.Nc2 c4 65.Kg5 c3 66.Kg4 Ke4
67.Nb4 Kd4 68.Kf4 Kc4 69.Nc2 Kd3 70.Ne3 Kd4 71.Kf3 Kd3 72.Kf4 1/2-1/2